Nad novelou zákona
Pôsobnosť Ministerstva hospodárstva SR, Ministerstva práce a sociálnych vecí SR, Ministerstva dopravy a spojov, a Ministerstva spravodlivosti, vyplývajúca z novely základného zákona SNR č.347/1990 Zb. o organizácii ministerstiev a ostatných ústredných orgánov štátnej správy SR. Existencia Úradu bezp...
Salvato in:
| Autore principale: | |
|---|---|
| Natura: | Capitolo di libro |
| Lingua: | slovacco |
| Soggetti: | |
| Tags: |
Nessun Tag, puoi essere il primo ad aggiungerne!!
|
MARC
| LEADER | 00000naa a2200000 4500 | ||
|---|---|---|---|
| 001 | r015980 | ||
| 005 | 20221205091512.6 | ||
| 041 | 0 | |a slo | |
| 044 | |a SK | ||
| 245 | 1 | 0 | |a Nad novelou zákona |c Štefan Grman |
| 520 | |a Pôsobnosť Ministerstva hospodárstva SR, Ministerstva práce a sociálnych vecí SR, Ministerstva dopravy a spojov, a Ministerstva spravodlivosti, vyplývajúca z novely základného zákona SNR č.347/1990 Zb. o organizácii ministerstiev a ostatných ústredných orgánov štátnej správy SR. Existencia Úradu bezpečnosti práce SR, ktorý je i ústredným orgánom štátnej správy. | ||
| 610 | 2 | 0 | |a zákony |
| 610 | 2 | 0 | |a orgány štátne |
| 610 | 2 | 0 | |a NR SR Bratislava |
| 610 | 2 | 0 | |a ministerstvá |
| 610 | 2 | 0 | |a Slovensko |
| 610 | 2 | 0 | |a správa štátna |
| 610 | 2 | 0 | |a komentáre |
| 100 | 1 | |a Grman, Štefan | |